Statistics for National flags with a continuous circle on

Click here to take the quiz!

General Stats

  • This quiz has been taken 15 times
  • The average score is 13 of 25

Answer Stats

Answer% Correct
Bangladesh
86%
India
86%
Brazil
79%
Japan
79%
Palau
71%
Laos
71%
North Korea
64%
South Korea
64%
Niger
57%
Macedonia
57%
Kyrgyzstan
50%
Tunisia
50%
Uganda
43%
Kazakhstan
43%
Dominica
43%
Belize
43%
Burundi
43%
Portugal
36%
Rwanda
36%
Mongolia
36%
Ethiopia
36%
Paraguay
29%
Bhutan
29%
Grenada
29%
Namibia
21%

Score Distribution

Percentile by Number Answered

Percent of People with Each Score

Your Score History

You have not taken this quiz